| 000 | 00910nam a2200229 i 4500 | ||
|---|---|---|---|
| 001 | 41897 | ||
| 003 | ES-MaACL | ||
| 005 | 20250801063023.0 | ||
| 007 | t| | ||
| 008 | 030312s1951 mx ||||1| spa d | ||
| 100 | 1 |
_aCasas, Bartolomé de las, _d1474-1566 _9140251 |
|
| 245 | 1 | 0 |
_aHistoria de las Indias / _cpor Fray Bartolomé de las Casas ; edición de Agustín Miralles Carló ; y estudio preliminar de Lewis Hanke. |
| 250 | _a[1ª ed.]. | ||
| 260 |
_aMéxico, etc. : _bFondo de Cultura Económica, _c[1951] ( _fGráf. Panamericana) |
||
| 300 |
_a3 v. : _bretr. aut. ; _c22 cm. |
||
| 650 | 0 | 4 |
_aIndios de América- _xTrato recibido- _yS.XVI _913675 |
| 651 | 4 |
_aAmérica española- _xHistoria- _y1492-1600 (Descubrimiento y conquista) _97724 |
|
| 700 | 1 |
_aMiralles Carló, Agustín. _981494 |
|
| 700 | 1 |
_aHanke, Lewis. _961729 |
|
| 852 |
_aES-MaACL _jC-16255-7 _bR.44701 |
||
| 999 |
_c41897 _d41897 |
||